Normal view
MARC view
- الاحصاء الوصفي- الاحصاء التطبيقي
Entry Topical Term
001 - CONTROL NUMBER
- control field: 32796
003 - CONTROL NUMBER IDENTIFIER
- control field: JO-AjAnu
005 - DATE AND TIME OF LATEST TRANSACTION
- control field: 20230606075516.0
008 - FIXED-LENGTH DATA ELEMENTS
- fixed length control field: 230606|| aca||aabn | a|a d
040 ## - CATALOGING SOURCE
- Original cataloging agency: JO-AjAnu
- Transcribing agency: JO-AjAnu
150 ## - HEADING--TOPICAL TERM
- Topical term or geographic name entry element: الاحصاء الوصفي- الاحصاء التطبيقي
670 ## - SOURCE DATA FOUND
- Source citation: Work cat.: (JO-AjAnu)16848: اسماعيل ، سعيد السيد علي, author 32795, مبادئ الاحصاء الوصفي والتطبيقي